| 000 | 00501 a2200217 4500 | ||
|---|---|---|---|
| 260 | _aParis | ||
| 630 | _a33 - Economie - Economie politique | ||
| 650 | _a3 - SCIENCES SOCIALES | ||
| 100 | _aDi Qual, Lino | ||
| 260 | _bA. Colin | ||
| 245 | _aDroit de la comptabilité publique | ||
| 300 | _a327p. | ||
| 650 | _aComptabilité publique : droit | ||
| 260 | _c1971 | ||
| 300 | _b24cm | ||
| 100 | _lFr | ||
| 440 | _aU : droit public interne | ||
| 037 | _a22889 | ||
| 999 |
_c44144 _d44144 |
||